Formel 1 Fahrer mit einem Rennsieg in 2024 - Statistiken

Allgemein
  • Dieses Quiz wurde 171 mal gespielt
  • Das Durchschnittsergebnis liegt bei 7 aus 7
Antwortstatistiken
Siege Antwort % Korrekt
9 Max Verstappen
100%
4 Lando Norris
98%
2 Lewis Hamilton
97%
2 Oscar Piastri
96%
3 Charles Leclerc
94%
2 Carlos Sainz
93%
2 George Russell
80%
Keine übereinstimmenden Quizze gefunden
Verteilung der Resultate
Anzahl Personen mit jedem Resultat
Perzentil nach korrekt beantworteten Fragen
Ihre Resultats-Entwicklung
Sie haben dieses Quiz noch nicht gespielt